[Event "World Blitz Women 2022"]
[Site "Almaty KAZ"]
[Date "2022.12.30"]
[Round "13.41"]
[White "Nomindalai, Tumurbaatar"]
[Black "Kaldarova, Ayaulym"]
[Result "0-1"]
[WhiteTitle "CM"]
[WhiteElo "2132"]
[BlackElo "1832"]
[WhiteFideId "4904095"]
[BlackFideId "13720503"]
[EventDate "2022.12.29"]

1. d4 d6 2. Bf4 g6 3. e4 Bg7 4. Nc3 Nd7 5. Qd2 e5 6. dxe5 dxe5 7. Be3 Ngf6 8.
O-O-O Qe7 9. f3 c6 10. g4 b5 11. h4 h6 12. Nge2 Nb6 13. Ng3 h5 14. gxh5 Nxh5 15.
Nxh5 Rxh5 16. Bc5 Bh6 17. Be3 Bxe3 18. Qxe3 Be6 19. Kb1 b4 20. Ne2 Rd8 21. Rxd8+
Qxd8 22. Nc1 Rxh4 23. Rxh4 Qxh4 24. Qc5 Qe7 25. Qxc6+ Qd7 26. Qc5 Qd4 27. Bb5+
Kd8 28. Nd3 Qxc5 29. Nxc5 Bc4 30. Bxc4 Nxc4 31. Kc1 f5 32. b3 Nd6 33. Kd2 Ke7
34. exf5 gxf5 35. Nd3 e4 36. Nxb4 exf3 37. Ke3 Ne4 38. Nc6+ Kd6 39. Nxa7 f2 40.
Ke2 Ke5 41. Nc6+ Kf4 42. Nd4 Kg3 43. Nxf5+ Kg2 44. Ne3+ Kg1 45. a4 Ng3+ 46. Kf3
Nf5 47. Nxf5 f1=Q+ 48. Ke4 Qg2+ 49. Kd3 Qd5+ 50. Nd4 Kf2 51. b4 Kg3 52. c4 Qa8
53. a5 Kf4 54. c5 Ke5 55. Kc4 Qg8+ 56. Kc3 Qg3+ 57. Kc4 Qf4 58. Kb5 Qxd4 59. a6
Qd3+ 60. Kb6 Qc4 61. a7 Qxb4+ 62. Kc6 Qa5 63. Kb7 Qb5+ 64. Ka8 Qxc5 65. Kb7 Qb5+
66. Ka8 Qc6+ 67. Kb8 Kd6 68. a8=R Qc7# 0-1

[Event "World Blitz Women 2022"]
[Site "Almaty KAZ"]
[Date "2022.12.30"]
[Round "13.42"]
[White "Balakanova, Bakhyt"]
[Black "Foudzi, Siti Zulaikha"]
[Result "0-1"]
[WhiteTitle "WFM"]
[BlackTitle "WIM"]
[WhiteElo "2005"]
[BlackElo "2136"]
[WhiteFideId "13705881"]
[BlackFideId "5700965"]
[EventDate "2022.12.29"]

1. e4 c5 2. Nc3 e6 3. g3 Nc6 4. Bg2 d6 5. d3 g6 6. Nge2 Bg7 7. Be3 Nd4 8. O-O
Ne7 9. h3 O-O 10. f4 f5 11. g4 Nec6 12. Ng3 a6 13. g5 e5 14. h4 exf4 15. Bxf4
Ne5 16. h5 gxh5 17. Nxh5 Be6 18. exf5 Nxf5 19. Ne4 Rb8 20. Nhf6+ Bxf6 21. Nxf6+
Rxf6 22. gxf6 Qxf6 23. Qh5 Ng6 24. Bg5 Qd4+ 25. Kh1 Ng3+ 26. Kh2 Nxh5 27. Rae1
Bf7 28. c3 Qg4 29. Be7 Qg3+ 30. Kg1 Nhf4 31. Rf2 Nxg2 32. Rxg2 Qxe1+ 0-1

[Event "World Blitz Women 2022"]
[Site "Almaty KAZ"]
[Date "2022.12.30"]
[Round "13.43"]
[White "Tereladze, Sopio"]
[Black "Kaliakhmet, Elnaz"]
[Result "1/2-1/2"]
[WhiteTitle "WIM"]
[BlackTitle "WFM"]
[WhiteElo "2215"]
[BlackElo "1786"]
[WhiteFideId "13600486"]
[BlackFideId "13730169"]
[EventDate "2022.12.29"]

1. Nf3 Nf6 2. b3 g6 3. Bb2 Bg7 4. c4 c6 5. e3 d5 6. Nc3 O-O 7. Be2 Bf5 8. O-O
Nbd7 9. Nd4 e5 10. Nxf5 gxf5 11. cxd5 cxd5 12. d4 e4 13. Rc1 Rc8 14. Qd2 Kh8 15.
Kh1 Rg8 16. h3 Bh6 17. Ba3 Rg6 18. Bd6 Rc6 19. Bg3 Qg8 20. Kh2 Bf8 21. Nb5 a6
22. Rxc6 bxc6 23. Nc3 a5 24. Rg1 h5 25. Bd1 Kh7 26. Ne2 Bh6 27. Nf4 Bxf4 28.
Bxf4 Qa8 29. Be2 Nf8 30. Qd1 h4 31. Qc2 Ne6 32. Be5 Nd7 33. Bf4 Nxf4 34. exf4
Nf8 35. Bh5 Rg7 36. Bd1 Ne6 37. Qe2 Nxd4 38. Qh5+ Kg8 39. Qxh4 Ne6 40. Qh5 Qb8
41. g3 Nd4 42. Qh4 Ne6 43. Qf6 Qb6 44. Rg2 Nd4 45. Bh5 Nf3+ 46. Kh1 Qc5 47. Bxf3
exf3 48. Qd8+ Kh7 49. Qh4+ Kg8 50. Qd8+ Kh7 51. Qh4+ 1/2-1/2

[Event "World Blitz Women 2022"]
[Site "Almaty KAZ"]
[Date "2022.12.30"]
[Round "13.44"]
[White "Nasybullina, Alfia"]
[Black "Sultanbek, Zeinep"]
[Result "1/2-1/2"]
[WhiteTitle "WIM"]
[BlackTitle "WIM"]
[WhiteElo "2027"]
[BlackElo "1891"]
[WhiteFideId "4132416"]
[BlackFideId "13710419"]
[EventDate "2022.12.29"]

1. Nf3 Nf6 2. g3 e6 3. Bg2 c5 4. O-O Be7 5. d3 O-O 6. e4 Nc6 7. Nbd2 b6 8. c3 d5
9. e5 Nd7 10. d4 f6 11. exf6 Bxf6 12. Qe2 Re8 13. Nb3 Bb7 14. Re1 e5 15. dxe5
Ndxe5 16. Bf4 c4 17. Nbd4 Nd3 18. Qxe8+ Qxe8 19. Rxe8+ Rxe8 20. Nxc6 Bxc6 21.
Bc1 d4 22. Bg5 dxc3 23. Bxf6 cxb2 24. Bxb2 Nxb2 25. Nd4 Bxg2 26. Kxg2 Rd8 27.
Nc6 Rd2 28. Nxa7 Nd3 29. Kf3 Rxf2+ 30. Ke3 Rxh2 31. Nc6 Rh3 32. Kf3 b5 33. a3 h5
34. Kg2 Nf4+ 35. gxf4 Rd3 36. Ne5 Rb3 37. Nc6 Kf7 38. Nd4 Rb2+ 39. Kg3 Ke7 40.
Kh4 Kd6 41. Nf5+ Kd5 42. Nxg7 Ke4 43. f5 Ke5 44. Rf1 Kf6 45. Nxh5+ Kf7 46. Rf3
Rb3 47. Rf1 Rxa3 48. Rb1 Rb3 49. Ra1 c3 50. Ra7+ Kf8 51. Kg5 c2 52. Rc7 Rb2 53.
Kg6 Ke8 54. Nf6+ Kd8 55. Rc5 b4 56. Ne4 b3 57. f6 Rb1 58. f7 Rg1+ 59. Kf6 Rf1+
60. Rf5 Rxf5+ 61. Kxf5 c1=Q 62. f8=Q+ Kc7 63. Qd6+ Kc8 64. Qa6+ Kc7 65. Qa5+ Kc6
66. Qa4+ Kc7 67. Qxb3 Qf1+ 68. Ke5 Qa1+ 69. Kf4 Qc1+ 70. Kf3 Qh1+ 71. Kf4 Qh4+
72. Ke5 Qe7+ 73. Kd4 Qg7+ 74. Kc4 Qf7+ 75. Kc3 1/2-1/2

[Event "World Blitz Women 2022"]
[Site "Almaty KAZ"]
[Date "2022.12.30"]
[Round "13.45"]
[White "Madi, Aidana"]
[Black "Assylkhan, Asiya"]
[Result "0-1"]
[WhiteElo "1583"]
[BlackElo "1430"]
[WhiteFideId "13722689"]
[BlackFideId "13752707"]
[EventDate "2022.12.29"]

1. e4 c6 2. d4 d5 3. Nd2 dxe4 4. Nxe4 Bf5 5. Ng3 Bg6 6. h4 h6 7. N1e2 Nd7 8. c3
Ngf6 9. Nf4 Bh7 10. Bd3 Bxd3 11. Nxd3 e6 12. Be3 Bd6 13. Nh5 Nxh5 14. Qxh5 Nf6
15. Qf3 Qc7 16. O-O-O O-O-O 17. Rhe1 Nd5 18. Kb1 Nxe3 19. Qxe3 Qe7 20. g3 Kb8
21. Ne5 Qc7 22. Qf3 Rhf8 23. Nc4 Be7 24. Ne5 Bd6 25. Re2 c5 26. Nd3 cxd4 27.
cxd4 Qb6 28. Qe3 Bc7 29. Ne5 Rd5 30. Nc4 Qa6 31. Rc2 Rfd8 32. Qe4 Qb5 33. Ne3
R5d7 34. Qf3 Bb6 35. Qf4+ e5 36. Qg4 exd4 37. Nf5 d3 38. Rcd2 Ba5 39. Qf4+ Ka8
40. Nxg7 Bxd2 41. Qxd2 Rc7 42. Qxh6 Rc2 43. b3 Qe5 0-1

[Event "World Blitz Women 2022"]
[Site "Almaty KAZ"]
[Date "2022.12.30"]
[Round "13.46"]
[White "Chen, Jocelyn"]
[Black "Kim, Kristina"]
[Result "0-1"]
[WhiteTitle "WCM"]
[BlackTitle "WCM"]
[WhiteElo "1854"]
[BlackElo "1930"]
[WhiteFideId "30947154"]
[BlackFideId "13712438"]
[EventDate "2022.12.29"]

1. e4 Nf6 2. e5 Nd5 3. d4 d6 4. Nf3 g6 5. c4 Nb6 6. Nc3 Bg7 7. exd6 cxd6 8. h3
O-O 9. Bf4 Nc6 10. Be2 e5 11. dxe5 dxe5 12. Bg5 f6 13. Be3 f5 14. Bg5 Qxd1+ 15.
Rxd1 e4 16. Nd2 h6 17. Be3 Be6 18. c5 Nd7 19. Nc4 f4 20. Bc1 Nxc5 21. Bd2 Nd3+
22. Bxd3 exd3 23. f3 Bxc4 24. b3 Bf7 25. Kf2 g5 26. Be1 Rad8 27. Ne4 Rfe8 28.
Bd2 Bd4+ 29. Ke1 Bg6 30. Kf1 Bxe4 31. fxe4 Rxe4 32. Re1 Be3 33. Bxe3 fxe3 34. g4
d2 35. Ke2 dxe1=Q+ 36. Rxe1 Rd2+ 37. Kf1 Rf4+ 38. Kg1 Rf3 39. a4 Nd4 40. b4 Rdf2
41. Rd1 Ne2+ 42. Kh1 Rxh3# 0-1

[Event "World Blitz Women 2022"]
[Site "Almaty KAZ"]
[Date "2022.12.30"]
[Round "13.47"]
[White "Mikhaylova, Irina"]
[Black "Martins de Aguiar, Marina"]
[Result "1-0"]
[WhiteTitle "WGM"]
[WhiteElo "2257"]
[BlackElo "1877"]
[WhiteFideId "4109040"]
[BlackFideId "2143321"]
[EventDate "2022.12.29"]

1. Nf3 Nf6 2. c4 g6 3. Nc3 Bg7 4. e4 d6 5. d4 O-O 6. Be2 e5 7. dxe5 dxe5 8. Qxd8
Rxd8 9. Bg5 Re8 10. Nd5 Nxd5 11. cxd5 c6 12. Bc4 cxd5 13. Bxd5 Nc6 14. O-O-O Nb4
15. Bb3 Bg4 16. Kb1 a5 17. h3 Bxf3 18. gxf3 a4 19. Bc4 Nc6 20. Rd7 Rf8 21. Rxb7
Nd4 22. Rc1 Nxf3 23. Be3 Rad8 24. Bd5 Rc8 25. Rxc8 Rxc8 26. Rxf7 Rf8 27. Rxf3+
Kh8 28. Rxf8+ Bxf8 29. a3 Bd6 30. Bc6 Kg7 31. Bxa4 Kf6 32. Bd1 g5 33. a4 h6 34.
a5 Bb8 35. a6 Ke6 36. a7 Bxa7 37. Bxa7 Kd6 38. Be3 Kc6 39. Ba4+ Kd6 40. b4 Kc7
41. b5 Kb7 42. b6 Ka6 43. Bb3 Kb7 44. Bd5+ Kb8 45. b7 Kc7 46. Bc5 1-0

[Event "World Blitz Women 2022"]
[Site "Almaty KAZ"]
[Date "2022.12.30"]
[Round "13.48"]
[White "Bauyrzhan, Arnash"]
[Black "Balakanova, Gulnar"]
[Result "1/2-1/2"]
[BlackTitle "WFM"]
[WhiteElo "2041"]
[BlackElo "1743"]
[WhiteFideId "13706322"]
[BlackFideId "13705890"]
[EventDate "2022.12.29"]

1. e4 c5 2. Nf3 Nc6 3. Bb5 e6 4. O-O a6 5. Bxc6 dxc6 6. d3 Nf6 7. h3 Be7 8. Nc3
O-O 9. a4 b6 10. b3 Ne8 11. Be3 f5 12. exf5 exf5 13. Bf4 Bd6 14. Ne2 Nf6 15. Qd2
Nd5 16. Bxd6 Qxd6 17. d4 h6 18. dxc5 Qxc5 19. c4 Nf6 20. Nf4 Ne4 21. Qb2 Rf6 22.
Rad1 Be6 23. Nxe6 Rxe6 24. Rd7 Re7 25. Rfd1 Rae8 26. Nh4 Qe5 27. Qxe5 Rxe5 28.
f4 Rc5 29. Ra7 Ng3 30. Kf2 Nh5 31. Rdd7 Re4 32. g3 b5 33. axb5 axb5 34. Ng6 bxc4
35. bxc4 Rcxc4 36. Ra8+ Kh7 37. Nf8+ Kg8 38. Ng6+ Kh7 39. Nf8+ Kg8 40. Ng6+ Kh7
41. Nf8+ 1/2-1/2

[Event "World Blitz Women 2022"]
[Site "Almaty KAZ"]
[Date "2022.12.30"]
[Round "14.1"]
[White "Shuvalova, Polina"]
[Black "Kosteniuk, Alexandra"]
[Result "0-1"]
[WhiteTitle "IM"]
[BlackTitle "GM"]
[WhiteElo "2502"]
[BlackElo "2520"]
[WhiteFideId "24171760"]
[BlackFideId "4128125"]
[EventDate "2022.12.29"]

1. d4 f5 2. c4 Nf6 3. Nc3 g6 4. g3 Bg7 5. Bg2 O-O 6. e4 fxe4 7. Nxe4 Nxe4 8.
Bxe4 d6 9. Bg2 Nc6 10. Be3 e5 11. d5 Nd4 12. Bxd4 exd4 13. Ne2 Bg4 14. O-O Qe7
15. f3 Qe3+ 16. Kh1 Rxf3 17. Re1 Rf2 18. Nxd4 Qxd4 19. Qxd4 Bxd4 20. Re4 Bxb2
21. Rae1 Bd7 22. Re7 Rf7 23. R7e2 Be5 24. Rb1 b6 25. Rbe1 Raf8 0-1

[Event "World Blitz Women 2022"]
[Site "Almaty KAZ"]
[Date "2022.12.30"]
[Round "14.2"]
[White "Tan, Zhongyi"]
[Black "Assaubayeva, Bibisara"]
[Result "0-1"]
[WhiteTitle "GM"]
[BlackTitle "IM"]
[WhiteElo "2518"]
[BlackElo "2440"]
[WhiteFideId "8603642"]
[BlackFideId "13708694"]
[EventDate "2022.12.29"]

1. d4 Nf6 2. c4 g6 3. Nc3 Bg7 4. e4 d6 5. h3 O-O 6. Be3 Nc6 7. Nf3 e5 8. d5 Nd4
9. Be2 c5 10. dxc6 Nxf3+ 11. Bxf3 bxc6 12. O-O Be6 13. Qd3 Qc7 14. Rfd1 Rfd8 15.
Rac1 Qb7 16. b3 Qb4 17. Qc2 Rac8 18. Qe2 Qb7 19. Na4 Qe7 20. Rc2 Rc7 21. Rcd2
Rcd7 22. Nc3 Ne8 23. Rd3 f6 24. Bc1 Bf8 25. Ba3 Qf7 26. Nd5 Qg7 27. Ne3 Bf7 28.
Bg4 Rb7 29. c5 h5 30. Bf3 Rbd7 31. cxd6 Bxd6 32. Nc4 Bxc4 33. bxc4 Bxa3 34. Bxh5
gxh5 35. Rg3 Rxd1+ 36. Kh2 Qxg3+ 37. fxg3 Ng7 38. Qf2 Be7 39. Qxa7 R8d7 40. Qb6
Ne6 41. Qxc6 Nd4 42. Qc8+ Kf7 43. Qh8 Nf3+ 0-1

[Event "World Blitz Women 2022"]
[Site "Almaty KAZ"]
[Date "2022.12.30"]
[Round "14.3"]
[White "Koneru, Humpy"]
[Black "Harika, Dronavalli"]
[Result "1/2-1/2"]
[WhiteTitle "GM"]
[BlackTitle "GM"]
[WhiteElo "2572"]
[BlackElo "2507"]
[WhiteFideId "5008123"]
[BlackFideId "5015197"]
[EventDate "2022.12.29"]

1. Nf3 g6 2. c4 Bg7 3. d4 d6 4. g3 Nf6 5. Bg2 O-O 6. O-O Nc6 7. b3 e5 8. dxe5
dxe5 9. Bb2 e4 10. Nd4 Nxd4 11. Qxd4 Qxd4 12. Bxd4 Rd8 13. e3 b6 14. Nc3 Bf5 15.
Rad1 Re8 16. h3 h5 17. Nb5 Re7 18. Bb2 a6 19. Nd4 Bd7 20. Rd2 c5 21. Ne2 b5 22.
Rc1 Rc8 23. Nf4 Be6 24. Bxf6 Bxf6 25. Bxe4 bxc4 26. Nxe6 c3 27. Rd6 Rxe6 28.
Rxe6 fxe6 29. Bxg6 h4 30. gxh4 Rd8 31. Kg2 Rc8 32. Kg1 Rd8 1/2-1/2

[Event "World Blitz Women 2022"]
[Site "Almaty KAZ"]
[Date "2022.12.30"]
[Round "14.4"]
[White "Goryachkina, Aleksandra"]
[Black "Khademalsharieh, Sarasadat"]
[Result "0-1"]
[WhiteTitle "GM"]
[BlackTitle "IM"]
[WhiteElo "2584"]
[BlackElo "2490"]
[WhiteFideId "4147103"]
[BlackFideId "12512214"]
[EventDate "2022.12.29"]

1. Nf3 d5 2. g3 Nd7 3. d4 Ngf6 4. Bg2 g6 5. O-O Bg7 6. b3 O-O 7. Bb2 Ne4 8. Nbd2
f5 9. c4 c6 10. Qc2 Ndf6 11. Ne5 Nxd2 12. Qxd2 Ne4 13. Qc2 Be6 14. Rac1 Rc8 15.
e3 Qa5 16. a3 Rfd8 17. Rfd1 Qb6 18. Nd3 Qc7 19. Nf4 Qd7 20. a4 Bf7 21. Ba3 b6
22. Nd3 e6 23. Ne5 Qe8 24. Qb2 c5 25. Qc2 Rc7 26. Bb2 Rdc8 27. Qe2 cxd4 28. exd4
Bxe5 29. dxe5 dxc4 30. bxc4 Qxa4 31. Bxe4 fxe4 32. Qxe4 Rxc4 33. Qe3 Rxc1 34.
Rxc1 Rxc1+ 35. Qxc1 Be8 36. Bc3 Qc6 37. Qd2 Qd5 38. Qf4 Bc6 39. f3 Qxf3 40. Qxf3
Bxf3 41. Kf2 Bd5 42. Ke3 Kf7 43. Bb4 Ke8 44. Kd4 a5 45. Bd6 Kd7 46. h4 Kc6 47.
Be7 b5 48. Bd8 a4 49. Be7 Kd7 50. Bb4 h6 51. Bf8 g5 52. hxg5 hxg5 53. Bb4 Ke8
54. Ke3 Kf7 55. g4 Bb3 56. Kf3 Bd1+ 57. Kg3 Ke8 58. Ba3 Kd7 59. Bb4 Kc6 60. Be7
Kd5 61. Kf2 Kc4 0-1

[Event "World Blitz Women 2022"]
[Site "Almaty KAZ"]
[Date "2022.12.30"]
[Round "14.5"]
[White "Lagno, Kateryna"]
[Black "Khamdamova, Afruza"]
[Result "1-0"]
[WhiteTitle "GM"]
[BlackTitle "WFM"]
[WhiteElo "2563"]
[BlackElo "2139"]
[WhiteFideId "14109336"]
[BlackFideId "14210444"]
[EventDate "2022.12.29"]

1. e4 e5 2. Nf3 Nf6 3. Nxe5 d6 4. Nf3 Nxe4 5. d4 d5 6. Bd3 Be7 7. O-O Nc6 8.
Nbd2 Nd6 9. c3 O-O 10. Bc2 Bf5 11. Bb3 Ne4 12. Re1 Bf6 13. Nf1 Re8 14. Ne3 Be6
15. Nd2 Nxd2 16. Bxd2 Qd7 17. Qf3 Rad8 18. Nxd5 Bxd5 19. Bxd5 Rxe1+ 20. Rxe1 h6
21. Be4 Re8 22. g3 Ne7 23. Bxb7 c5 24. Be4 cxd4 25. c4 Rb8 26. b4 Ng6 27. Bxg6
fxg6 28. c5 Kh7 29. c6 Qc8 30. Rc1 Rb5 31. Qd3 a6 32. a4 Rf5 33. b5 axb5 34.
axb5 Bd8 35. Qxd4 Qb8 36. Bf4 Bc7 37. Bxc7 Qxc7 38. b6 1-0

[Event "World Blitz Women 2022"]
[Site "Almaty KAZ"]
[Date "2022.12.30"]
[Round "14.6"]
[White "Gunina, Valentina"]
[Black "Stefanova, Antoaneta"]
[Result "0-1"]
[WhiteTitle "GM"]
[BlackTitle "GM"]
[WhiteElo "2476"]
[BlackElo "2442"]
[WhiteFideId "4167570"]
[BlackFideId "2902257"]
[EventDate "2022.12.29"]

1. d4 d5 2. c4 c6 3. Nc3 Nf6 4. e3 e6 5. Nf3 a6 6. c5 Nbd7 7. Rb1 a5 8. a3 e5 9.
Be2 e4 10. Nd2 Be7 11. O-O O-O 12. b4 axb4 13. axb4 b6 14. f3 bxc5 15. bxc5 exf3
16. Rxf3 Ba6 17. Bxa6 Rxa6 18. Qe2 Ra7 19. Nf1 Re8 20. Ng3 g6 21. Bb2 Bf8 22.
Rbf1 Bg7 23. Qd1 Nf8 24. h4 h5 25. Nce2 Ng4 26. Re1 Nxe3 27. Qd2 Nc4 28. Qc1
Nxb2 29. Qxb2 Qxh4 30. Ref1 Rae7 31. Nf4 Qg5 32. Nh3 Qh6 33. Rd3 h4 34. Nh1 Re2
35. Qc3 Ne6 36. N1f2 Qh5 37. Rfd1 Rb8 38. Rf3 Ng5 39. Nxg5 Qxg5 40. Qa5 Qe7 41.
Kh1 Rbb2 42. Rf1 Bxd4 43. Ng4 f5 44. Qa8+ Kg7 45. Qxc6 Rxg2 46. Qxd5 Bxc5 47.
Ne5 Rh2# 0-1

[Event "World Blitz Women 2022"]
[Site "Almaty KAZ"]
[Date "2022.12.30"]
[Round "14.7"]
[White "Paehtz, Elisabeth"]
[Black "Arabidze, Meri"]
[Result "0-1"]
[WhiteTitle "GM"]
[BlackTitle "IM"]
[WhiteElo "2464"]
[BlackElo "2427"]
[WhiteFideId "4641833"]
[BlackFideId "13604040"]
[EventDate "2022.12.29"]

1. d4 Nf6 2. Nf3 e6 3. Bf4 d5 4. e3 Bd6 5. Bg3 O-O 6. Nbd2 b6 7. c3 c5 8. Ne5
Bb7 9. Bh4 Be7 10. Bd3 Nbd7 11. f4 Ne4 12. Bxe7 Qxe7 13. Bxe4 dxe4 14. Nxd7 Qxd7
15. dxc5 Qd3 16. Qe2 Rfd8 17. Qxd3 Rxd3 18. Ke2 Rad8 19. Rhd1 bxc5 20. c4 Ba6
21. Rac1 f5 22. b3 Bb7 23. Nb1 Bc6 24. g3 h6 25. Nc3 a6 26. Rxd3 Rxd3 27. Nd1 e5
28. Nb2 Rd7 29. fxe5 Kf7 30. Rd1 Ke6 31. Rxd7 Bxd7 32. Nd1 Kxe5 33. h4 g5 34.
hxg5 hxg5 35. Nf2 f4 36. gxf4+ gxf4 37. exf4+ Kxf4 38. a3 a5 39. Ke1 Ke3 40.
Nd1+ Kd3 41. Nf2+ Kd4 42. Nd1 Bg4 43. Kd2 Bxd1 44. Kxd1 Kc3 45. b4 axb4 46. axb4
Kxb4 0-1

[Event "World Blitz Women 2022"]
[Site "Almaty KAZ"]
[Date "2022.12.30"]
[Round "14.8"]
[White "Danielian, Elina"]
[Black "Badelka, Olga"]
[Result "0-1"]
[WhiteTitle "GM"]
[BlackTitle "IM"]
[WhiteElo "2431"]
[BlackElo "2416"]
[WhiteFideId "13300210"]
[BlackFideId "13509926"]
[EventDate "2022.12.29"]

1. Nf3 Nf6 2. c4 e6 3. g3 d5 4. Bg2 Be7 5. O-O O-O 6. b3 b6 7. Bb2 Bb7 8. e3 a5
9. Nc3 Nbd7 10. d3 dxc4 11. bxc4 Nc5 12. d4 Nce4 13. Qc2 Nxc3 14. Bxc3 Be4 15.
Qb2 Qc8 16. Rfd1 a4 17. Rac1 a3 18. Qe2 Qb7 19. Ne1 Bxg2 20. Nxg2 Ne4 21. Ba1
Bf6 22. Nf4 g6 23. Qf3 Nd6 24. Qxb7 Nxb7 25. d5 Bxa1 26. Rxa1 e5 27. Nd3 e4 28.
Nf4 Nd6 29. Rac1 Ra5 30. Ne2 Rc5 31. Rd4 b5 32. Nc3 Rxc4 33. Rxc4 bxc4 34. Rb1
Ra8 35. Kf1 Kg7 36. Ke2 Kf6 37. Nb5 Rb8 38. Nxa3 Ra8 39. Nc2 Rxa2 40. Rc1 Ke5
41. Kf1 Rb2 42. h4 Kxd5 43. Rd1+ Kc5 44. Nd4 Nb5 45. Ne2 c3 46. Rc1 Kc4 47. Ke1
Kb3 48. g4 c5 49. Ng3 Nd6 50. Ne2 c2 51. Kd2 Nc4+ 52. Ke1 Rb1 53. h5 Kb2 54.
hxg6 hxg6 55. g5 Rxc1+ 56. Nxc1 Kxc1 0-1

[Event "World Blitz Women 2022"]
[Site "Almaty KAZ"]
[Date "2022.12.30"]
[Round "14.9"]
[White "Dzagnidze, Nana"]
[Black "Batsiashvili, Nino"]
[Result "1-0"]
[WhiteTitle "GM"]
[BlackTitle "GM"]
[WhiteElo "2517"]
[BlackElo "2493"]
[WhiteFideId "13601903"]
[BlackFideId "13602993"]
[EventDate "2022.12.29"]

1. c4 e6 2. Nf3 d5 3. b3 d4 4. e3 Nc6 5. Bb2 e5 6. a3 a5 7. g3 Nf6 8. Bg2 Bc5 9.
O-O O-O 10. exd4 exd4 11. d3 h6 12. Nbd2 Bf5 13. Ne1 Re8 14. h3 h5 15. Ndf3 Qd7
16. Kh2 Re7 17. Nc2 Rd8 18. Qd2 Qd6 19. Rfe1 Rxe1 20. Rxe1 Nd7 21. Nh4 Bh7 22.
f4 Nf6 23. Nf3 Re8 24. Rxe8+ Nxe8 25. Ng5 Bg6 26. Ne4 Qe7 27. Nxc5 Qxc5 28. b4
axb4 29. axb4 Qd6 30. b5 Ne7 31. Nxd4 h4 32. g4 Nf6 33. Kh1 c5 34. bxc6 Nxc6 35.
Nxc6 bxc6 36. f5 Bh7 37. Qe3 Qb4 38. Bxf6 gxf6 39. Bxc6 Kg7 40. Bd5 Qb1+ 41. Kg2
Qc2+ 42. Kf3 Qh2 43. Ke4 Qe5+ 44. Kf3 Qh2 45. Qf2 Qxh3+ 46. Kf4 Bg8 47. Be4 Kh6
48. c5 Bh7 49. c6 Bxf5 50. Bxf5 1-0

[Event "World Blitz Women 2022"]
[Site "Almaty KAZ"]
[Date "2022.12.30"]
[Round "14.10"]
[White "Khotenashvili, Bela"]
[Black "Tania, Sachdev"]
[Result "0-1"]
[WhiteTitle "GM"]
[BlackTitle "IM"]
[WhiteElo "2485"]
[BlackElo "2389"]
[WhiteFideId "13602640"]
[BlackFideId "5007844"]
[EventDate "2022.12.29"]

1. Nf3 Nf6 2. g3 b6 3. Bg2 Bb7 4. O-O e6 5. c4 c5 6. b3 Be7 7. Bb2 Nc6 8. e3 O-O
9. Nc3 a6 10. Qe2 d6 11. d4 cxd4 12. exd4 Re8 13. Rfd1 Bf8 14. Rac1 Qb8 15. Qd2
e5 16. d5 Ne7 17. Bh3 b5 18. Ng5 bxc4 19. bxc4 Bc8 20. Bxc8 Qxc8 21. Nce4 Nxe4
22. Nxe4 Nf5 23. Ba3 Nd4 24. Kg2 Qf5 25. Qe3 Rad8 26. f3 Qg6 27. Bb2 f5 28. Nf2
f4 29. Qe4 Nf5 30. g4 Ne3+ 31. Kg1 Nxd1 32. Qxg6 hxg6 33. Rxd1 Rb8 34. Rd2 Rb4
35. c5 dxc5 36. d6 Bxd6 37. Bc3 Rb1+ 38. Kg2 Bf8 39. Ne4 Reb8 40. Bxe5 Rc8 41.
Rd7 c4 42. Ra7 Rb6 43. Bc3 Rbc6 44. g5 Bc5 45. Rxg7+ Kf8 46. Rh7 Ke8 47. Nf6+
Kf8 48. Nd7+ Ke8 49. Ne5 Re6 50. Rh8+ Bf8 51. Ng4 Kf7 52. Nf6 Re2+ 53. Kh3 Ke6
54. Kg4 Rd8 55. Ne4 Be7 56. Rh7 Rxa2 57. Rg7 Rg2+ 58. Kh3 Rc2 59. Rxg6+ Kf5 60.
Rh6 Rd3 61. Nd2 Rcxc3 62. Rh7 Rxd2 63. Rxe7 Rxf3+ 64. Kh4 Rxh2# 0-1

[Event "World Blitz Women 2022"]
[Site "Almaty KAZ"]
[Date "2022.12.30"]
[Round "14.11"]
[White "Omonova, Umida"]
[Black "Mammadzada, Gunay"]
[Result "1-0"]
[WhiteTitle "WFM"]
[BlackTitle "IM"]
[WhiteElo "2052"]
[BlackElo "2472"]
[WhiteFideId "14210363"]
[BlackFideId "13403729"]
[EventDate "2022.12.29"]

1. e4 c5 2. Nf3 d6 3. Bb5+ Bd7 4. Bxd7+ Nxd7 5. O-O Ngf6 6. Re1 e6 7. c3 Be7 8.
d4 O-O 9. e5 Ne8 10. exd6 Nxd6 11. Bf4 Qb6 12. Bxd6 Qxd6 13. Nbd2 cxd4 14. Nxd4
Nf6 15. Qb3 Qc7 16. N2f3 Bc5 17. Rad1 Rfe8 18. h3 a6 19. a4 h6 20. Qc4 Rac8 21.
Qe2 Rcd8 22. Rd2 Ba7 23. Red1 e5 24. Nf5 e4 25. N3d4 Bb8 26. g3 g6 27. Nxh6+ Kg7
28. Ng4 Nh5 29. Qe3 Rd5 30. Ne2 Rf5 31. Rd5 Rf3 32. Qh6+ Kg8 33. Rxh5 gxh5 34.
Nf6+ Rxf6 35. Qxf6 Qe5 36. Qxe5 Bxe5 37. Rd7 b5 38. axb5 axb5 39. Rb7 Rd8 40.
Rxb5 f6 41. Rb4 f5 42. Rb5 Re8 43. Kg2 Kf7 44. Nc1 Kf6 45. Nb3 Rd8 46. Nc5 Rd2
47. Rb6+ Kf7 48. Rb7+ Kg6 49. Rb6+ Kf7 50. Kf1 Rd1+ 51. Ke2 Rh1 52. h4 Rb1 53.
Rb5 Ke7 54. Na4 Kf6 55. Nb6 Ke6 56. Nc4 Bf6 57. Rb6+ Ke7 58. Ne3 f4 59. gxf4 Kf7
60. Rb7+ Ke6 61. f5+ Kd6 62. Rb6+ Ke5 63. Re6+ 1-0

[Event "World Blitz Women 2022"]
[Site "Almaty KAZ"]
[Date "2022.12.30"]
[Round "14.12"]
[White "Javakhishvili, Lela"]
[Black "Abdumalik, Zhansaya"]
[Result "0-1"]
[WhiteTitle "IM"]
[BlackTitle "GM"]
[WhiteElo "2440"]
[BlackElo "2496"]
[WhiteFideId "13601458"]
[BlackFideId "13703544"]
[EventDate "2022.12.29"]

1. Nf3 Nf6 2. c4 g6 3. Nc3 d5 4. cxd5 Nxd5 5. e4 Nb6 6. d4 Bg7 7. h3 O-O 8. Be3
a5 9. Be2 a4 10. Rc1 f5 11. Qd2 Nc6 12. O-O fxe4 13. Nxe4 Nd5 14. Bh6 Bf5 15.
Bxg7 Kxg7 16. Nc5 b6 17. Nd3 Qd6 18. Nde5 Na5 19. Bd3 Nb4 20. Bxf5 Rxf5 21. Nc4
Nxc4 22. Rxc4 Nd5 23. Ne5 Nf4 24. Qe3 Raf8 25. f3 c5 26. Nd3 Nxh3+ 27. Kh1 Rh5
28. Ne5 Nf4+ 29. Kg1 cxd4 30. Rxd4 Qxd4 0-1

[Event "World Blitz Women 2022"]
[Site "Almaty KAZ"]
[Date "2022.12.30"]
[Round "14.13"]
[White "Buksa, Nataliya"]
[Black "Ushenina, Anna"]
[Result "1-0"]
[WhiteTitle "IM"]
[BlackTitle "GM"]
[WhiteElo "2405"]
[BlackElo "2454"]
[WhiteFideId "14123622"]
[BlackFideId "14110911"]
[EventDate "2022.12.29"]

1. d4 d5 2. Nc3 Nf6 3. Bf4 a6 4. e3 e6 5. Nf3 c5 6. Ne5 Nfd7 7. Be2 Nxe5 8. Bxe5
Nc6 9. O-O Nxe5 10. dxe5 Be7 11. f4 Qc7 12. a4 b6 13. Rf3 Bb7 14. Rg3 g6 15. Bd3
Rd8 16. Qf1 c4 17. Be2 Qc5 18. Kh1 b5 19. axb5 axb5 20. Bf3 f6 21. Bg4 Bc8 22.
Ne2 O-O 23. Nd4 fxe5 24. Nxe6 Bxe6 25. Bxe6+ Kh8 26. f5 d4 27. Qe2 Rf6 28. e4
Kg7 29. h4 Rdf8 30. h5 d3 31. cxd3 cxd3 32. Rxd3 Rxe6 33. fxe6 Rf4 34. h6+ Kxh6
35. Rh3+ Kg7 36. Qd3 Qf2 37. Rc1 h5 38. Rc7 Qe1+ 39. Kh2 Kf6 40. Rxe7 Kxe7 41.
Qd7+ Kf6 42. e7 Rf1 43. e8=N+ Kg5 44. Qe7+ Kh6 45. Qg7+ Kg5 46. Qxe5+ Kh6 47.
Rxh5+ gxh5 48. Qg7# 1-0